| 000 | 00591nam a2200193 a 4500 | ||
|---|---|---|---|
| 001 | 000012458 | ||
| 005 | 20200929163027.0 | ||
| 008 | 091112s1988 cu r 000 j spa d | ||
| 040 |
_aDO-SdBNP _bspa _cBNPHU |
||
| 082 |
_aCu863.44 _bP438e |
||
| 100 | 1 |
_aPérez, Julián _929185 |
|
| 245 | 1 | 3 |
_aEl elegido / _cJulián Pérez ; editor, Juan Carlos Reloba Santana. |
| 260 |
_aLa Habana : _bGente Nueva, _c1988. |
||
| 300 |
_a134, [9] p. ; _c18 cm. |
||
| 650 | 4 |
_aNovela cubana _92316 |
|
| 650 | 4 |
_aLiteratura cubana _91483 |
|
| 700 | 1 |
_aReloba Santana, Juan Carlos, _eed. _929186 |
|
| 049 | _aBNGR | ||
| 999 |
_c12115 _d12115 |
||